LEADER 01390nam0 22003251i 450 001 UON00089384 005 20231205102502.865 010 $a29-506-4590-9 100 $a20020107d1992 |0itac50 ba 101 $afre 102 $aFR 105 $a|||| ||||| 200 1 $aFouilles d'Aï Khanoum$ela trésorerie du Palais hellénistique d'Aï Khanoum$el'apogée et la chute du Royaume grec de Bactriane$fClaude Rapin 205 $aParis : De Boccard$b1992 210 $a v.$cill., tav., cart. ; 30 cm 215 $aposs. vol. VIII 311 $aN 1 KHANOUM 001 008$9UON00000380 410 0$1001UON00000380$12001 $aMémoires de la Délégation Archéologique Française en Afghanistan$v33 N 1 KHANOUM 001 008 606 $aArcheologia$xBattriana$xSiti$3UONC026676$2FI 620 $aFR$dParis$3UONL002984 686 $aN1$cTOPOGRAFIA MEDITERRANEO$2A 700 1$aRAPIN$bClaude$3UONV005181$0638178 712 02$aDélégation Archéologique Française en Afghanistan$3UONV000352 712 $aDe Boccard$3UONV265257$4650 801 $aIT$bSOL$c20250328$gRICA 899 $aSIBA - SISTEMA BIBLIOTECARIO DI ATENEO$2UONSI 912 $aUON00089384 950 $aSIBA - SISTEMA BIBLIOTECARIO DI ATENEO$dSI N 1 KHANOUM 001 08 $eSI MC 16615 7 08 996 $aFouilles d'Aï Khanoum$91297459 997 $aUNIOR